[Event "IECG CP.2000.P.00072"]
[Site "IECG email"]
[Date "2000.10.01"]
[Round "?"]
[White "Rossetti, Mario"]
[Black "Wilson, Jordan"]
[Result "1-0"]
[WhiteElo "983"]
[BlackElo "800"]
[PlyCount "33"]
[EventDate "2000.10.01"]
[EventType "tourn (corr)"]
[EventRounds "6"]
[EventCountry "ENG"]
[SourceTitle "Corr 2008"]
[Source "ChessBase"]
[SourceDate "2008.06.24"]
[SourceVersion "1"]
[SourceVersionDate "2008.06.24"]
[SourceQuality "1"]

1. e4 d6 2. d4 Nf6 3. Nc3 g6 4. Nf3 Bg7 5. Bd3 0-0 6. 0-0 c5 7. dxc5 dxc5 8. Be3 Nfd7 9. Qd2 a6 10. Rfd1 Qc7 11. Bh6 Ne5 12. Nxe5 Qxe5 13. Qe3 Bxh6 14. Qxh6 b5 15. Be2 Bb7 16. Qe3 Rd8 17. Rxd8+ 1-0

[Event "IECG QN.2000.0.00136"]
[Site "IECG email"]
[Date "2000.08.24"]
[Round "?"]
[White "Schoenhofen, Ricardo"]
[Black "Wilson, Jordan"]
[Result "1-0"]
[WhiteElo "800"]
[BlackElo "800"]
[PlyCount "37"]
[EventDate "2000.08.24"]
[EventType "tourn (corr)"]
[EventRounds "6"]
[SourceTitle "Corr 2008"]
[Source "ChessBase"]
[SourceDate "2008.06.24"]
[SourceVersion "1"]
[SourceVersionDate "2008.06.24"]
[SourceQuality "1"]

1. e4 d6 2. d4 Nf6 3. Nc3 g6 4. Bc4 Bg7 5. Qe2 0-0 6. Bg5 c6 7. Bb3 Nbd7 8. 0-0-0 Qc7 9. Nf3 b5 10. e5 dxe5 11. dxe5 b4 12. Na4 Nd5 13. Bxd5 cxd5 14. Bxe7 Re8 15. Bxb4 Nxe5 16. Rxd5 Bg4 17. Re1 Bh6+ 18. Kb1 Kg7 19. Rxe5 1-0

[Event "IECG QN.2000.0.00136"]
[Site "IECG email"]
[Date "2000.08.24"]
[Round "?"]
[White "Wilson, Jordan"]
[Black "Schoenhofen, Ricardo"]
[Result "0-1"]
[WhiteElo "800"]
[BlackElo "800"]
[PlyCount "56"]
[EventDate "2000.08.24"]
[EventType "tourn (corr)"]
[EventRounds "6"]
[SourceTitle "Corr 2008"]
[Source "ChessBase"]
[SourceDate "2008.06.24"]
[SourceVersion "1"]
[SourceVersionDate "2008.06.24"]
[SourceQuality "1"]

1. e4 e5 2. Nf3 Nc6 3. Bc4 Nf6 4. d3 Bc5 5. c3 d6 6. b4 Bb6 7. a4 a6 8. Bg5 h6 9. Bh4 g5 10. Bg3 Be6 11. Nbd2 Nh5 12. Qb3 Qd7 13. Nf1 a5 14. b5 Bxc4 15. Qxc4 Ne7 16. Ne3 c6 17. d4 g4 18. Nd2 d5 19. exd5 cxd5 20. Qd3 e4 21. Qe2 Nxg3 22. fxg3 f5 23. 0-0 0-0-0 24. Rf2 Kb8 25. Raf1 Qc8 26. Nb1 Rhf8 27. Nxf5 Nxf5 28. Qxg4 Nxd4 0-1